Understanding the new statistics effect sizes, confidence intervals and meta-analysis

Na minha lista:
Detalhes bibliográficos
Autor principal: Cumming, Geoff
Formato: Livro
Idioma:inglês
Publicado em: New York Routledge/Taylor & Francis Group 2012
Colecção:Multivariate applications series
Assuntos:
Tags: Adicionar Tag
Sem tags, seja o primeiro a adicionar uma tag!

MARC

LEADER 00000nam a2200000 4500
001 0159624
005 20240306140458.6
020 |a 978-0-415-87968-2 
041 0 |a eng 
044 |a US 
245 1 0 |a Understanding the new statistics  |b effect sizes, confidence intervals and meta-analysis  |c Geoff Cumming 
264 1 |a New York  |b Routledge/Taylor & Francis Group  |c 2012 
300 |a xiv, 519 s. 
490 1 |a Multivariate applications series 
830 0 |a Multivariate applications series 
610 2 0 |a štatistika 
610 2 0 |a analýzy 
610 2 0 |a modely 
100 1 |a Cumming, Geoff